000 00640nam a2200253Ia 4500
005 20250425162345.0
008 250425s9999 xx 000 0 und d
020 _a970260785X
041 _aspa
043 _amx
082 _a658
100 _aMUNCH, LOURDES
245 0 _aADMINISTRACION: ESCUELAS, PROCESO ADMINISTRATIVO, AREAS FUNCIONALES Y DESARROLLO EMPRENDEDOR
250 _a1A ED.
260 _aMéxico
_bPEARSON EDUCACION MEXICO
_c2007
260 _aS.L.
300 _a292
650 _aADMINISTRACION
650 _aEMPRESAS
650 _aESCUELA
710 _aPEARSON EDUCATION
942 _c01
010 _a65277
999 _c227577
_d227577